Sports Quiz

Random Sports or NHL Quiz
Score 0/50 Timer 06:00
0 Plays Today
Season Answer % Correct
2016-17Nathan MacKinnon
100%
2016-17Nathan MacKinnon
100%
2017-18Nathan MacKinnon
100%
2017-18Nathan MacKinnon
100%
2017-18Nathan MacKinnon
100%
2018-19Nathan MacKinnon
100%
2018-19Nathan MacKinnon
100%
2018-19Nathan MacKinnon
100%
2018-19Nathan MacKinnon
100%
2014-15Jarome Iginla
97.9%
2011-12Gabriel Landeskog
95.7%
2011-12Gabriel Landeskog
95.7%
2013-14Gabriel Landeskog
95.7%
2012-13*PA Parenteau
94%
2010-11Matt Duchene
93.6%
2010-11Matt Duchene
93.6%
2010-11Matt Duchene
93.6%
2012-13*Matt Duchene
93.6%
2013-14Matt Duchene
93.6%
2013-14Matt Duchene
93.6%
2015-16Matt Duchene
93.6%
2015-16Matt Duchene
93.6%
2016-17Mikko Rantanen
86.8%
2014-15Tyson Barrie
80.9%
2014-15Tyson Barrie
80.9%
Season Answer % Correct
2014-15Jarome Iginla
77.4%
2016-17Erik Johnson
74.5%
2009-10Paul Stastny
70.6%
2009-10Paul Stastny
70.6%
2011-12Ryan O'Reilly
67.2%
2011-12Ryan O'Reilly
67.2%
2013-14Ryan O'Reilly
67.2%
2012-13*PA Parenteau
57.4%
2009-10Cody McLeod
56.2%
2010-11Cody McLeod
56.2%
2011-12Cody McLeod
56.2%
2012-13*Cody McLeod
56.2%
2013-14Cody McLeod
56.2%
2014-15Cody McLeod
56.2%
2015-16Cody McLeod
56.2%
2015-16Alex Tanguay
52.8%
2016-17Nikita Zadorov
43.8%
2017-18Nikita Zadorov
43.8%
2018-19Ian Cole
34.5%
2015-16Carl Soderberg
33.6%
2009-10Chris Stewart
28.9%
2009-10Wojtek Wolski
23.4%
2010-11Daniel Winnik
18.7%
2017-18Patrik Nemeth
11.9%
2012-13*Chuck Kobasew
2.6%
Remove Ads.
Support Sporcle.
Get the best of Sporcle when you Go Orange. This ad-free experience offers more features, more stats, and more fun while also helping to support Sporcle. Thank you for becoming a member.

You're not logged in!

Compare scores with friends on all Sporcle quizzes.
OR
Log In

Show Comments

Extras

Created Sep 23, 2019ReportNominate
Tags:Hockey Quiz, NHL Quiz

Top Quizzes Today


Score Distribution

Your Account Isn't Verified!

In order to create a playlist on Sporcle, you need to verify the email address you used during registration. Go to your Sporcle Settings to finish the process.

Report this User

Report this user for behavior that violates our Community Guidelines.

Details: